|
|
|
|
| LEADER |
00000nam0a2200000 4500 |
| 001 |
18254 |
| 005 |
20231030191225.0 |
| 010 |
|
|
|a 5120021700
|
| 035 |
|
|
|a (RuTPU)RU\TPU\book\18403
|
| 035 |
|
|
|a BOOK00018472
|
| 090 |
|
|
|a 18254
|
| 100 |
|
|
|a 20011209d1991 k y0rusy50 ca
|
| 101 |
0 |
|
|a rus
|
| 102 |
|
|
|a UA
|
| 105 |
|
|
|a y z 000zy
|
| 200 |
1 |
|
|a Экономические противоречия и их разрешение
|f В. К. Черняк [и др.]
|
| 210 |
|
|
|a Киев
|c Наукова думка
|d 1991
|
| 215 |
|
|
|a 284 с.
|
| 610 |
1 |
|
|a экономика
|
| 610 |
1 |
|
|a противоречие
|
| 610 |
1 |
|
|a социализм
|
| 610 |
1 |
|
|a хозяйственные механизмы
|
| 610 |
1 |
|
|a перестройка
|
| 686 |
|
|
|a У011.73/77
|v LBC/SL-A
|2 rubbk
|
| 701 |
|
1 |
|a Черняк
|b В. К.
|g Владимир Кириллович
|
| 701 |
|
1 |
|a Якуша
|b Ю. Г.
|g Юрий Георгиевич
|
| 701 |
|
1 |
|a Супрун
|b В. П.
|g Василий Павлович
|
| 701 |
|
1 |
|a Родионова
|b И. Ф.
|
| 801 |
|
0 |
|a RU
|b 63413507
|c 20011209
|g PSBO
|
| 801 |
|
2 |
|a RU
|b 63413507
|c 20191206
|g PSBO
|
| 900 |
|
|
|a Экономика
|
| 942 |
|
|
|c BK
|